000 00968nam a22001457a 4500
999 _c518073
_d518073
008 210816b ||||| |||| 00| 0 eng d
100 _aHalu, Anikumar B.
_928503
245 _aJapan-India relations
260 _a35(410), Apr, 2021: p.22-24
300 _aThird Concept
520 _aThe merging strategic relationship between India and Japan is significant for the future security and stability of the Indo-Asia pacific region. It is also a critical emergent relationship for US security objections across the Asia-pacific region. Therefore, India is the most latent economic and military potential of any state in the winder Asia pacific region. Therefore, India is the state with the greatest potential outside of the United States itself to contribute to the objectives of the “Rebalance to the pacific” announced by Washington in 2011. – Reproduced
773 _aThird Concept
906 _aINDIA - INTERNATIONAL RELATIONS - JAPAN
942 _cAR